logo

Bir Sreshtho Munshi Abdur Rouf Library
Jhenaidah Cadet College

Short Stories Of Our Time / (Record no. 6567)

MARC details
000 -LEADER
fixed length control field 00589nam a22002297a 4500
001 - CONTROL NUMBER
JCCL Control Number 6567
003 - CONTROL NUMBER IDENTIFIER
JCCL marc code BD-JhCC
005 - DATE AND TIME OF LATEST TRANSACTION
control field 20180125165856.0
008 - FIXED-LENGTH DATA ELEMENTS--GENERAL INFORMATION
fixed length control field 180125s1963 -uk |||| |||| 00| 0 eng d
020 ## - INTERNATIONAL STANDARD BOOK NUMBER
International Standard Book Number 0245564071
035 ## - SYSTEM CONTROL NUMBER
system control number (BD-JhCC)6567
040 ## - CATALOGING SOURCE
Original cataloging agency BD-JhCC
Modifying agency BD-JhCC
041 ## - LANGUAGE CODE
Language code of Book eng
082 ## - DEWEY DECIMAL CLASSIFICATION NUMBER
Classification number 823.9
Author mark and Year BAR 1963
100 ## - MAIN ENTRY--PERSONAL NAME
Personal name Barnes, D. R.
245 ## - TITLE STATEMENT
Title Short Stories Of Our Time /
Statement of responsibility, etc D. R. Barnes
260 ## - PUBLICATION, DISTRIBUTION, ETC. (IMPRINT)
Place of publication, distribution, etc Great Britain :
Name of publisher, distributor, etc George G. Harrap and Co. LTD,
Date of publication, distribution, etc 1963.
300 ## - PHYSICAL DESCRIPTION
Pagination 192 p. :
Dimensions 19 CM.
650 ## - SUBJECT ADDED ENTRY--TOPICAL TERM
Topical term or geographic name as entry element English Short Stories
942 ## - ADDED ENTRY ELEMENTS (KOHA)
Source of classification or shelving scheme Dewey Decimal Classification
Koha item type Books
Holdings
Source of classification or shelving scheme Damaged status Not for loan Home library Current library Shelving location Date of accession Total Checkouts Full call number Barcode Date last seen Copy number Koha item type
Dewey Decimal Classification     JCC Rouf Library JCC Rouf Library General Stacks 01/25/2018   823.9 BAR 1963 8810 01/25/2018 C-1 Books

JCC Library | Contacts | JCC Home

Last Update on 23 September 2017
Copyright @ 2017-2020 JCC Rouf Library
Rouf Library, Jhenidah Cadet College (JCC), Bangladesh